| 000 | 01569nam a2200481 i 4500 | ||
|---|---|---|---|
| 001 | 19347 | ||
| 003 | KOSZ 005 | ||
| 005 | 20220325120928.0 | ||
| 008 | 000320s1980 pl a |000 0 pol d | ||
| 015 | _aUWD 1980/8550 | ||
| 020 | _a8320601207 | ||
| 035 | _a991013520869705066 | ||
| 035 | _a(PL-WaBN)b13642339-48omnis_nlop | ||
| 035 | _ab13642339 | ||
| 035 | _a(OCoLC)830960392 | ||
| 035 | _axx001291290 | ||
| 035 | _a(PL)b0000001364233 | ||
| 035 | _a(EXLNZ-48OMNIS_NETWORK)9910291151205606 | ||
| 040 |
_aWA N _cWA N _dKOSZ 005/HR |
||
| 041 | 0 | _apol | |
| 080 | _a625.7/.8 | ||
| 100 | 1 |
_aSkaldawski, Edward _eAutor |
|
| 245 | 1 | 0 |
_aBitumiczne roboty nawierzchniowe / _cEdward Skaldawski. |
| 250 | _aWyd. 3 uzup. | ||
| 260 |
_aWarszawa : _bWydawnictwa Komunikacji i Łączności, _c1980. |
||
| 300 |
_a298, [2] s. : _bil. tab. wykr. ; _c21 cm. |
||
| 336 |
_aTekst _btxt _2rdacontent |
||
| 337 |
_aBez urządzenia pośredniczącego _bn _2rdamedia |
||
| 338 |
_aWolumin _bnc _2rdacarrier |
||
| 380 | _aKsiążki | ||
| 388 | _a1901-2000 | ||
| 388 | _a1945-1989 | ||
| 490 | 1 | _aPoradnik Majstra Drogowego | |
| 504 | _aBibliogr. s. 298. | ||
| 650 | 7 |
_aDrogi bitumiczne _2DBN |
|
| 658 | _aArchitektura i budownictwo | ||
| 658 | _aTransport i logistyka | ||
| 710 |
_aWydawnictwa Komunikacji i Łączności _4pbl |
||
| 830 | 0 | _aPoradnik Majstra Drogowego | |
| 856 |
_uhttp://koha.tu.koszalin.pl/cgi-bin/koha/opac-detail.pl?biblionumber=19347 _yKatalog online BPK |
||
| 942 |
_2UKD _cKS |
||
| 999 |
_c19347 _d19347 |
||